00493nam a2200157Ia 4500008004100000020001900041082001400060100002300074245008500097250000600182260003800188300001100226500004000237650001800277700004000295120629s9999 xx 000 0 und d a970-686-3040-0 a530 S481f aSerway, Raymond A. aFísica II : texto basado en cálculo / Raymond A. Serway, John W. Jewett, Jr. a3 aAustralia : International Thomson a544 p. aApéndice, índice y respuestas  a1. FÍSICA  aI. Jewett, Jr., John W. ; coaut.Ì